000 01329nam a2200313 i 4500
001 174479
003 ES-MaACL
005 20230906215536.0
008 100428s1988 sp a |||| |dspa d
020 _a84-451-0050-5
080 _a75(460)"13/15"(064.3)
080 _a75(493)"13/15"(064.3)
080 _a75.033.5/.034(064)
245 0 0 _aTesoros de las colecciones particulares madrileñas
_b: tablas españolas y flamencas, 1300-1550 : Real Academia de Bellas Artes de San Fernando, oct.-dic.1988 /
_c[introducción, J.M. de Azcárate Ristori].
250 _a1ª ed.
260 _aMadrid :
_bComunidad, Dirección General de Patrimonio Cultural,
_c1988.
300 _a133 p. :
_bprincipalmente il. col. ;
_c25 cm.
500 _aÍndice.
504 _aBibliografía: p. 129-131.
650 4 _aPintura medieval-
_zEspaña-
_vExposiciones.
_9172441
650 4 _aPintura flamenca-
_zEspaña-
_vExposiciones.
_9172442
655 7 _2tgfbne
_9193628
_aCatálogos de exposiciones
700 1 _aAzcárate Ristori, José María de.
_924256
710 2 _aReal Academia de Bellas Artes de San Fernando.
_96291
710 1 _aMadrid (Comunidad Autónoma).
_bDirección General de Patrimonio Cultural.
_95616
852 _a BA
_jC-57176
_z- Autógrafo de donante
942 _2udc
999 _c174479
_d174479